=LDR 00000nam 2200000 4500 =001 INLIS000000000023278 =990 ##$$a 00091997 =005 20210617091025 =990 ##$$a 40600024 =035 ##$$a 0010-061300000023278 =990 ##$$a 40600027 =008 210617################g##########0#ind## =990 ##$$a 40600025 =041 ##$$a Ind =990 ##$$a 40600026 =082 ##$$a 343.045 98 =090 ##$$a 343.045 98, Sum r =100 ##$$a Sumitro, Rochmat =245 1#$$a Peradilan administrasi dalam hukum pajak di Indonesia /$c Prof. DR. H. Rochmat Soemitro, SH =260 ##$$a Bandung :$b Eresco,$c 1991 =300 ##$$a 249 hlm, ; $c 21x14 cm =650 #4$$a Hukum Pajak =850 ##$$a NBPNMAT =084 ##$$a 343.045 98 SUM p =250 ##$$a cet.1 =504 ##$$a Bibliografi :hlm.228-236 =520 ##$$a Indeks :hlm.237-249 =990 ##$$a 40600024 =990 ##$$a 00091997 =990 ##$$a 40600027 =990 ##$$a 40600025 =990 ##$$a 40600026